Kongzi xue shuo yu Zhongguo /

Saved in:
Bibliographic Details
Main Author: Liu, Jiachen.
Format: Book
Language:Chinese
Published: Taibei : Taiwan shang wu yin shu guan, Min guo 63 [1974]
Series:Ren ren wen ku ; 290
Subjects:
Tags: Add Tag
No Tags, Be the first to tag this record!
LEADER 00918cam a2200277 i 4500
001 007724231-9
005 20024617105005.0
008 900117s1974 ch cf 000 0 chi
010 |a 75839659 
035 0 |a ocm23317065 
040 |a DLC  |c MiU  |d CLU  |d *YNH*  |d CStRLIN 
050 0 |a B128.C8  |b L53 
100 1 |6 880-01  |a Liu, Jiachen. 
245 1 0 |6 880-02  |a Kongzi xue shuo yu Zhongguo /  |c Liu Jiazhi zhu. 
260 |6 880-03  |a Taibei :  |b Taiwan shang wu yin shu guan,  |c Min guo 63 [1974] 
300 |a 126, [24] p., [1] leaf of plates :  |b port. ;  |c 18 cm. 
490 0 |6 880-04  |a Ren ren wen ku ;  |v 290 
600 0 0 |a Confucius. 
600 0 0 |a Mencius. 
650 0 |a Philosophy, Confucian. 
880 1 |6 100-01  |a 劉家植. 
880 1 0 |6 245-02  |a 孔子學說與中國 /  |c 劉家植著. 
880 |6 260-03  |a 臺北 :  |b 臺灣商務印書館,  |c 民國63 [1974] 
880 0 |6 490-04  |a 人人文庫 ;  |v 290 
988 |a 20021102 
906 |0 DLC